Top 20 U.S. Universities on a Map - Statistics

General Stats
  • This quiz has been taken 25 times
  • The average score is 16 of 19
Answers on the Map
Answers color-coded by a green-red scale on the quiz's map according to % correct below.
 
Answer Stats
Answer % Correct
Johns Hopkins
100%
Rice
100%
Caltech
92%
UCLA
92%
Vanderbilt
92%
Columbia
85%
Duke
85%
Harvard/MIT
85%
Northwestern
85%
Princeton
85%
University of Pennsylvania
85%
Brown
77%
Carnegie Mellon
77%
Cornell
77%
Yale
77%
Berkeley
69%
Dartmouth
69%
Stanford
69%
Chicago
62%
No matching quizzes found
Score Distribution
Percent of People with Each Score
Percentile by Number Answered
Your Score History
You have not taken this quiz